[Účtovníctvo rozpočtových organizácií, príspevkových organizácií a obcí: praktikum]
Recenzia na publikáciu, ktorá poskytuje praktický pohľad na aktuálnu podobu účtovníctva účtovných jednotiek verejnej správy. Publikácia obsahuje príklady prezentujúce všetky bežné účtovné prípady spojené s ich hlavnou činnosťou.
Enregistré dans:
| Auteur principal: | |
|---|---|
| Format: | Chapitre de livre |
| Langue: | slovaque |
| Sujets: | |
| Tags: |
Pas de tags, Soyez le premier à ajouter un tag!
|
MARC
| LEADER | 00000naa a2200000 4500 | ||
|---|---|---|---|
| 001 | 0149249 | ||
| 005 | 20240502072702.2 | ||
| 041 | 0 | |a slo | |
| 044 | |a SK | ||
| 245 | 1 | 0 | |a [Účtovníctvo rozpočtových organizácií, príspevkových organizácií a obcí: praktikum] |c Jaromír Novák |
| 520 | |a Recenzia na publikáciu, ktorá poskytuje praktický pohľad na aktuálnu podobu účtovníctva účtovných jednotiek verejnej správy. Publikácia obsahuje príklady prezentujúce všetky bežné účtovné prípady spojené s ich hlavnou činnosťou. | ||
| 610 | 2 | 0 | |a recenzie |
| 610 | 2 | 0 | |a správa verejná |
| 610 | 2 | 0 | |a organizácie rozpočtové |
| 610 | 2 | 0 | |a organizácie príspevkové |
| 610 | 2 | 0 | |a účtovníctvo |
| 100 | 1 | |a Novák, Jaromír, 1978- | |